[Event "Landsturneringen 2022"]
[Site "Kongsvingerhallen"]
[Date "2022.07.08"]
[Round "6"]
[White "Unneland, Mathias"]
[Black "Skotheim, Andreas"]
[Result "1/2-1/2"]
[WhiteElo "2251"]
[BlackElo "2197"]
1. e4 {[%clk 01:30:49]} {[%emt 00:00:10]} e5 {[%clk 01:30:08]} {[%emt
00:00:52]} 2. Nf3 {[%clk 01:30:32]} {[%emt 00:00:47]} Nc6 {[%clk 01:30:13]}
{[%emt 00:00:23]} 3. Bb5 {[%clk 01:29:56]} {[%emt 00:01:09]} a6 {[%clk
01:30:11]} {[%emt 00:00:32]} 4. Ba4 {[%clk 01:30:11]} {[%emt 00:00:15]} Nf6
{[%clk 01:29:35]} {[%emt 00:01:05]} 5. O-O {[%clk 01:29:16]} {[%emt 00:01:26]}
Be7 {[%clk 01:28:42]} {[%emt 00:01:23]} 6. Re1 {[%clk 01:28:51]} {[%emt
00:00:54]} b5 {[%clk 01:28:46]} {[%emt 00:00:25]} 7. Bb3 {[%clk 01:29:12]}
{[%emt 00:00:09]} d6 {[%clk 01:28:44]} {[%emt 00:00:32]} 8. c3 {[%clk
01:27:49]} {[%emt 00:01:53]} O-O {[%clk 01:28:25]} {[%emt 00:00:48]} 9. h3
{[%clk 01:27:24]} {[%emt 00:00:56]} Nb8 {[%clk 01:27:42]} {[%emt 00:01:13]} 10.
d4 {[%clk 01:26:20]} {[%emt 00:01:34]} Nbd7 {[%clk 01:27:41]} {[%emt 00:00:31]}
11. Bc2 {[%clk 01:24:30]} {[%emt 00:02:20]} Bb7 {[%clk 01:25:35]} {[%emt
00:02:37]} 12. Nbd2 {[%clk 01:23:20]} {[%emt 00:01:39]} Re8 {[%clk 01:25:28]}
{[%emt 00:00:37]} 13. Nf1 {[%clk 01:21:46]} {[%emt 00:02:04]} Bf8 {[%clk
01:25:08]} {[%emt 00:00:49]} 14. Ng3 {[%clk 01:21:39]} {[%emt 00:00:38]} g6
{[%clk 01:25:16]} {[%emt 00:00:22]} 15. a4 {[%clk 01:20:08]} {[%emt 00:02:01]}
c5 {[%clk 01:25:03]} {[%emt 00:00:42]} 16. d5 {[%clk 01:15:34]} {[%emt
00:05:04]} c4 {[%clk 01:24:49]} {[%emt 00:00:43]} 17. Be3 {[%clk 01:12:06]}
{[%emt 00:03:59]} Nc5 {[%clk 01:20:42]} {[%emt 00:04:37]} 18. Nd2 {[%clk
01:09:28]} {[%emt 00:03:08]} Nfd7 {[%clk 01:16:40]} {[%emt 00:04:32]} 19. Qe2
{[%clk 01:05:09]} {[%emt 00:04:49]} Qc7 {[%clk 01:11:27]} {[%emt 00:05:43]} 20.
Ngf1 {[%clk 01:03:44]} {[%emt 00:01:55]} Nb6 {[%clk 00:58:53]} {[%emt
00:13:03]} 21. a5 {[%clk 01:03:24]} {[%emt 00:00:51]} Nbd7 {[%clk 00:57:55]}
{[%emt 00:01:28]} 22. Kh2 {[%clk 00:32:49]} {[%emt 00:31:05]} Be7 {[%clk
00:48:48]} {[%emt 00:09:37]} 23. g4 {[%clk 00:28:34]} {[%emt 00:04:45]} Qd8
{[%clk 00:38:35]} {[%emt 00:10:43]} 24. Nf3 {[%clk 00:27:20]} {[%emt 00:01:44]}
Bc8 {[%clk 00:35:23]} {[%emt 00:03:42]} 25. Ng3 {[%clk 00:19:51]} {[%emt
00:07:59]} Nb7 {[%clk 00:32:41]} {[%emt 00:03:13]} 26. Nf5 {[%clk 00:18:07]}
{[%emt 00:02:14]} gxf5 {[%clk 00:31:47]} {[%emt 00:01:24]} 27. gxf5 {[%clk
00:18:29]} {[%emt 00:00:07]} Kh8 {[%clk 00:28:02]} {[%emt 00:04:15]} 28. Rg1
{[%clk 00:18:31]} {[%emt 00:00:28]} Rg8 {[%clk 00:21:48]} {[%emt 00:06:45]} 29.
Rxg8+ {[%clk 00:09:31]} Qxg8 {[%clk 00:17:47]} {[%emt 00:14:01]} 30. Bh6 {[%clk
00:07:30]} {[%emt 00:02:31]} Bf8 {[%clk 00:17:24]} {[%emt 00:00:54]} 31. Qe3
{[%clk 00:07:23]} {[%emt 00:00:37]} Bxh6 {[%clk 00:17:11]} {[%emt 00:00:43]} 32.
Qxh6 {[%clk 00:07:45]} {[%emt 00:00:07]} Qg7 {[%clk 00:16:54]} {[%emt
00:00:47]} 33. Qh5 {[%clk 00:03:57]} {[%emt 00:04:18]} Nf8 {[%clk 00:06:29]}
{[%emt 00:10:56]} 34. Qh4 {[%clk 00:02:09]} {[%emt 00:02:18]} Ng6 {[%clk
00:03:55]} {[%emt 00:03:04]} 35. fxg6 {[%clk 00:02:11]} {[%emt 00:00:29]} fxg6
{[%clk 00:04:16]} {[%emt 00:00:08]} 36. Ng5 {[%clk 00:00:55]} {[%emt 00:01:45]}
Bd7 {[%clk 00:04:06]} {[%emt 00:00:40]} 37. f4 {[%clk 00:00:42]} {[%emt
00:00:44]} exf4 {[%clk 00:02:53]} {[%emt 00:01:42]} 38. Rf1 {[%clk 00:01:06]}
{[%emt 00:00:06]} Rf8 {[%clk 00:02:55]} {[%emt 00:00:27]} 39. Rxf4 {[%clk
00:01:32]} {[%emt 00:00:04]} Rxf4 {[%clk 00:02:11]} {[%emt 00:01:14]} 40. Qxf4
{[%clk 00:01:57]} {[%emt 00:00:05]} Kg8 {[%clk 00:01:40]} {[%emt 00:01:02]} 41.
Bd1 {[%clk 00:27:31]} {[%emt 00:04:56]} Qf8 {[%clk 00:23:17]} {[%emt 00:08:53]}
42. Qh4 {[%clk 00:24:02]} {[%emt 00:03:58]} Qe7 {[%clk 00:14:02]} {[%emt
00:09:45]} 43. Bg4 {[%clk 00:23:35]} {[%emt 00:00:57]} Nc5 {[%clk 00:12:45]}
{[%emt 00:01:46]} 44. Bxd7 {[%clk 00:21:11]} {[%emt 00:02:55]} Qxd7 {[%clk
00:11:09]} {[%emt 00:02:06]} 45. Nxh7 {[%clk 00:19:17]} {[%emt 00:02:25]} Qxh7
{[%clk 00:10:29]} {[%emt 00:01:10]} 46. Qd8+ {[%clk 00:19:40]} {[%emt
00:00:06]} Kg7 {[%clk 00:10:38]} {[%emt 00:00:21]} 47. Qe7+ {[%clk 00:20:05]}
{[%emt 00:00:05]} Kh6 {[%clk 00:09:44]} {[%emt 00:01:24]} 48. Qh4+ {[%clk
00:20:28]} {[%emt 00:00:07]} Kg7 {[%clk 00:10:05]} {[%emt 00:00:09]} 49. Qe7+
{[%clk 00:20:54]} {[%emt 00:00:04]} Kh6 {[%clk 00:10:20]} {[%emt 00:00:15]} 50.
Qh4+ {[%clk 00:21:18]} {[%emt 00:00:06]} Kg7 {[%clk 00:10:45]} {[%emt
00:00:05]} 51. Qe7+ {[%clk 00:21:44]} {[%emt 00:00:04]} 
1/2-1/2

[Event "Landsturneringen 2022"]
[Site "Kongsvingerhallen"]
[Date "2022.07.08"]
[Round "7"]
[White "Mitusov, Semen"]
[Black "Nilsen, Tobias Lang"]
[Result "1-0"]
[WhiteElo "2378"]
[BlackElo "2283"]
1. e4 {[%clk 01:30:45]} {[%emt 00:00:14]} e6 {[%clk 01:30:54]} {[%emt
00:00:07]} 2. d4 {[%clk 01:30:23]} {[%emt 00:00:51]} d5 {[%clk 01:31:16]}
{[%emt 00:00:07]} 3. Nd2 {[%clk 01:30:47]} {[%emt 00:00:07]} c5 {[%clk
01:30:02]} {[%emt 00:01:45]} 4. Ngf3 {[%clk 01:30:34]} {[%emt 00:00:42]} cxd4
{[%clk 01:29:57]} {[%emt 00:00:35]} 5. Nxd4 {[%clk 01:30:53]} {[%emt 00:00:12]}
Nc6 {[%clk 01:27:15]} {[%emt 00:03:11]} 6. Bb5 {[%clk 01:29:53]} {[%emt
00:01:30]} Bd7 {[%clk 01:27:13]} {[%emt 00:00:32]} 7. Nxc6 {[%clk 01:30:10]}
{[%emt 00:00:13]} bxc6 {[%clk 01:20:25]} {[%emt 00:07:18]} 8. Bd3 {[%clk
01:30:31]} {[%emt 00:00:09]} Bd6 {[%clk 01:20:47]} {[%emt 00:00:08]} 9. c4
{[%clk 01:18:11]} {[%emt 00:12:50]} Nf6 {[%clk 01:05:05]} {[%emt 00:16:11]} 10.
O-O {[%clk 01:13:55]} {[%emt 00:04:46]} Qc7 {[%clk 01:03:50]} {[%emt 00:01:45]}
11. h3 {[%clk 01:11:57]} {[%emt 00:02:28]} O-O {[%clk 01:03:07]} {[%emt
00:01:13]} 12. Re1 {[%clk 01:11:40]} {[%emt 00:00:46]} d4 {[%clk 00:31:58]}
{[%emt 00:31:39]} 13. c5 {[%clk 00:44:46]} {[%emt 00:27:24]} Bf4 {[%clk
00:29:23]} {[%emt 00:03:06]} 14. Nc4 {[%clk 00:35:54]} {[%emt 00:09:22]} Bxc1
{[%clk 00:28:57]} {[%emt 00:00:55]} 15. Qxc1 {[%clk 00:34:41]} {[%emt
00:01:43]} e5 {[%clk 00:29:10]} {[%emt 00:00:17]} 16. Qg5 {[%clk 00:34:04]}
{[%emt 00:01:08]} Rab8 {[%clk 00:25:12]} {[%emt 00:04:28]} 17. Nd6 {[%clk
00:30:29]} {[%emt 00:04:04]} Be6 {[%clk 00:16:56]} {[%emt 00:08:45]} 18. Qxe5
{[%clk 00:29:50]} {[%emt 00:01:09]} Rb4 {[%clk 00:17:02]} {[%emt 00:00:24]} 19.
Rac1 {[%clk 00:26:58]} {[%emt 00:03:22]} Nd7 {[%clk 00:16:46]} {[%emt
00:00:46]} 20. Qh5 {[%clk 00:25:27]} {[%emt 00:02:01]} Rxb2 {[%clk 00:16:49]}
{[%emt 00:00:28]} 21. e5 {[%clk 00:24:57]} {[%emt 00:00:59]} g6 {[%clk
00:15:27]} {[%emt 00:01:52]} 22. Qh4 {[%clk 00:21:14]} {[%emt 00:04:13]} Rxa2
{[%clk 00:13:20]} {[%emt 00:02:37]} 23. Qxd4 {[%clk 00:21:12]} {[%emt
00:00:32]} Rb8 {[%clk 00:13:08]} {[%emt 00:00:42]} 24. Bc4 {[%clk 00:20:37]}
{[%emt 00:01:06]} Ra4 {[%clk 00:12:00]} {[%emt 00:01:37]} 25. Qd1 {[%clk
00:20:46]} {[%emt 00:00:20]} Ra5 {[%clk 00:11:10]} {[%emt 00:01:21]} 26. Bxe6
{[%clk 00:18:24]} {[%emt 00:02:52]} fxe6 {[%clk 00:11:28]} {[%emt 00:00:12]} 27.
Qd4 {[%clk 00:17:03]} {[%emt 00:01:51]} Nf8 {[%clk 00:08:28]} {[%emt 00:03:30]}
28. Re3 {[%clk 00:16:48]} {[%emt 00:00:45]} Qg7 {[%clk 00:06:59]} {[%emt
00:01:59]} 29. Rf3 {[%clk 00:16:19]} {[%emt 00:00:59]} Qh6 {[%clk 00:07:03]}
{[%emt 00:00:26]} 30. Rd1 {[%clk 00:15:24]} {[%emt 00:01:25]} Ra2 {[%clk
00:06:29]} {[%emt 00:01:04]} 31. Ne4 {[%clk 00:15:17]} {[%emt 00:00:37]} Rbb2
{[%clk 00:04:53]} {[%emt 00:02:06]} 32. Nf6+ {[%clk 00:15:01]} {[%emt
00:00:46]} Kh8 {[%clk 00:04:55]} {[%emt 00:00:27]} 33. Ng4 {[%clk 00:15:18]}
{[%emt 00:00:14]} Qg7 {[%clk 00:04:42]} {[%emt 00:00:43]} 34. Qd8 {[%clk
00:15:41]} {[%emt 00:00:07]} Kg8 {[%clk 00:04:37]} {[%emt 00:00:34]} 35. Rd7
{[%clk 00:15:54]} {[%emt 00:00:18]}
1-0

[Event "Landsturneringen 2022"]
[Site "Kongsvingerhallen"]
[Date "2022.07.08"]
[Round "7"]
[White "Øye-Strømberg, Alexander"]
[Black "Al-Tarboush, Ward"]
[Result "1-0"]
[WhiteElo "2304"]
[BlackElo "2203"]
1. d4 {[%clk 01:30:55]} {[%emt 00:00:04]} b6 {[%clk 01:30:33]} {[%emt
00:00:28]} 2. c4 {[%clk 01:30:39]} {[%emt 00:00:46]} Bb7 {[%clk 01:30:52]}
{[%emt 00:00:11]} 3. Nc3 {[%clk 01:30:59]} {[%emt 00:00:09]} Nf6 {[%clk
01:31:15]} {[%emt 00:00:08]} 4. Nf3 {[%clk 01:25:42]} {[%emt 00:05:46]} e6
{[%clk 01:31:21]} {[%emt 00:00:25]} 5. a3 {[%clk 01:25:48]} {[%emt 00:00:24]}
d5 {[%clk 01:31:49]} {[%emt 00:00:02]} 6. cxd5 {[%clk 01:25:25]} {[%emt
00:00:53]} Nxd5 {[%clk 01:32:10]} {[%emt 00:00:08]} 7. Bg5 {[%clk 01:17:56]}
{[%emt 00:07:59]} Be7 {[%clk 01:31:22]} {[%emt 00:01:18]} 8. Nxd5 {[%clk
01:17:45]} {[%emt 00:00:40]} Bxd5 {[%clk 01:31:10]} {[%emt 00:00:43]} 9. Bxe7
{[%clk 01:16:58]} {[%emt 00:01:17]} Qxe7 {[%clk 01:31:37]} {[%emt 00:00:03]} 10.
e3 {[%clk 01:17:13]} {[%emt 00:00:14]} O-O {[%clk 01:31:59]} {[%emt 00:00:09]}
11. Bd3 {[%clk 01:17:06]} {[%emt 00:00:36]} Nd7 {[%clk 01:31:52]} {[%emt
00:00:38]} 12. Qc2 {[%clk 01:13:15]} {[%emt 00:04:21]} Bxf3 {[%clk 01:31:12]}
{[%emt 00:01:09]} 13. gxf3 {[%clk 01:10:36]} {[%emt 00:03:09]} Nf6 {[%clk
01:31:35]} {[%emt 00:00:07]} 14. Rc1 {[%clk 01:08:26]} {[%emt 00:02:39]} c5
{[%clk 01:28:49]} {[%emt 00:03:17]} 15. dxc5 {[%clk 01:06:02]} {[%emt
00:02:54]} bxc5 {[%clk 01:27:02]} {[%emt 00:02:17]} 16. Rg1 {[%clk 00:39:36]}
{[%emt 00:26:55]} Rad8 {[%clk 01:25:53]} {[%emt 00:01:40]} 17. Ke2 {[%clk
00:35:40]} {[%emt 00:04:26]} Rd5 {[%clk 01:25:34]} {[%emt 00:00:50]} 18. Bc4
{[%clk 00:30:55]} {[%emt 00:05:15]} Rh5 {[%clk 01:25:43]} {[%emt 00:00:21]} 19.
Rg2 {[%clk 00:30:03]} {[%emt 00:01:21]} g6 {[%clk 01:24:24]} {[%emt 00:01:49]}
20. Rd1 {[%clk 00:24:47]} {[%emt 00:05:46]} Rb8 {[%clk 01:22:51]} {[%emt
00:02:02]} 21. b3 {[%clk 00:23:13]} {[%emt 00:02:05]} Rh3 {[%clk 01:21:32]}
{[%emt 00:01:49]} 22. Qc3 {[%clk 00:22:32]} {[%emt 00:01:10]} Kg7 {[%clk
01:22:00]} {[%emt 00:00:03]} 23. Qe5 {[%clk 00:22:17]} {[%emt 00:00:45]} Qb7
{[%clk 01:22:09]} {[%emt 00:00:21]} 24. Rg3 {[%clk 00:22:05]} {[%emt 00:00:42]}
Rh5 {[%clk 01:22:36]} {[%emt 00:00:03]} 25. Rg5 {[%clk 00:21:44]} {[%emt
00:00:51]} Rxg5 {[%clk 01:22:17]} {[%emt 00:00:50]} 26. Qxg5 {[%clk 00:22:08]}
{[%emt 00:00:05]} Qc7 {[%clk 01:21:57]} {[%emt 00:00:50]} 27. h4 {[%clk
00:21:29]} {[%emt 00:01:08]} Qa5 {[%clk 01:21:16]} {[%emt 00:01:11]} 28. h5
{[%clk 00:21:13]} {[%emt 00:00:47]} h6 {[%clk 01:08:32]} {[%emt 00:13:14]} 29.
Qe5 {[%clk 00:21:21]} {[%emt 00:00:21]} Rb7 {[%clk 01:00:16]} {[%emt 00:08:47]}
30. hxg6 {[%clk 00:20:50]} {[%emt 00:01:00]} fxg6 {[%clk 00:57:21]} {[%emt
00:03:25]} 31. Qxe6 {[%clk 00:20:17]} {[%emt 00:01:03]} Qc7 {[%clk 00:56:55]}
{[%emt 00:00:56]} 32. Rd6 {[%clk 00:16:48]} {[%emt 00:03:59]} Qe7 {[%clk
00:57:21]} {[%emt 00:00:04]} 33. Qxe7+ {[%clk 00:17:07]} {[%emt 00:00:11]} Rxe7
{[%clk 00:57:49]} {[%emt 00:00:02]} 34. Rc6 {[%clk 00:17:11]} {[%emt 00:00:26]}
h5 {[%clk 00:57:31]} {[%emt 00:00:48]} 35. Rxc5 {[%clk 00:17:23]} {[%emt
00:00:19]} h4 {[%clk 00:58:01]} 36. Rg5 {[%clk 00:15:15]} {[%emt 00:02:37]} Kh6
{[%clk 00:57:39]} {[%emt 00:00:53]} 37. f4 {[%clk 00:14:46]} {[%emt 00:00:59]}
Ne4 {[%clk 00:58:07]} {[%emt 00:00:02]} 38. Rg1 {[%clk 00:13:10]} {[%emt
00:02:05]} Rd7 {[%clk 00:57:06]} {[%emt 00:01:31]} 39. Kf3 {[%clk 00:11:15]}
{[%emt 00:02:24]} Re7 {[%clk 00:57:36]} 40. Bd3 {[%clk 00:10:30]} {[%emt
00:01:16]} Nd2+ {[%clk 00:58:00]} {[%emt 00:00:06]} 41. Ke2 {[%clk 00:10:47]}
{[%emt 00:00:12]} Nxb3 {[%clk 00:58:14]} {[%emt 00:00:16]} 42. Rxg6+ {[%clk
00:10:26]} {[%emt 00:00:51]} Kh5 {[%clk 00:58:44]} {[%emt 00:00:01]} 43. Rg5+
{[%clk 00:05:45]} {[%emt 00:05:10]} Kh6 {[%clk 00:57:57]} {[%emt 00:01:16]} 44.
Kf3 {[%clk 00:03:19]} {[%emt 00:02:56]} Rd7 {[%clk 00:56:51]} {[%emt 00:01:38]}
45. Bf5 {[%clk 00:03:06]} {[%emt 00:00:42]} Rd6 {[%clk 00:50:05]} {[%emt
00:07:16]} 46. Kg4 {[%clk 00:03:06]} {[%emt 00:00:30]} Nd2 {[%clk 00:49:15]}
{[%emt 00:01:20]} 47. e4 {[%clk 00:02:23]} {[%emt 00:01:13]} Ra6 {[%clk
00:48:52]} {[%emt 00:00:54]} 48. e5 {[%clk 00:01:37]} {[%emt 00:01:15]} h3
{[%clk 00:49:20]} {[%emt 00:00:02]} 49. Rh5+ {[%emt 00:00:09]} Kg7 50. Rxh3
{[%clk 00:02:15]} {[%emt 00:00:13]} Nc4 {[%clk 00:49:47]} {[%emt 00:00:34]} 51.
Bd3 {[%clk 00:02:18]} {[%emt 00:00:27]}
1-0

[Event "Landsturneringen 2022"]
[Site "Kongsvingerhallen"]
[Date "2022.07.08"]
[Round "7"]
[White "Kvaløy, Aksel Bu"]
[Black "Skotheim, Andreas"]
[Result "1/2-1/2"]
[WhiteElo "2289"]
[BlackElo "2197"]
1. e4 {[%clk 01:30:54]} {[%emt 00:00:04]} e5 {[%clk 01:30:15]} {[%emt
00:00:45]} 2. Nf3 {[%clk 01:31:15]} {[%emt 00:00:10]} Nc6 {[%clk 01:30:30]}
{[%emt 00:00:15]} 3. Bb5 {[%clk 01:31:34]} {[%emt 00:00:11]} a6 {[%clk
01:30:35]} {[%emt 00:00:25]} 4. Ba4 {[%clk 01:31:32]} {[%emt 00:00:32]} Nf6
{[%clk 01:30:07]} {[%emt 00:00:58]} 5. O-O {[%clk 01:31:55]} {[%emt 00:00:06]}
Be7 {[%clk 01:30:14]} {[%emt 00:00:24]} 6. Re1 {[%clk 01:32:19]} {[%emt
00:00:06]} b5 {[%clk 01:30:24]} {[%emt 00:00:19]} 7. Bb3 {[%clk 01:32:42]}
{[%emt 00:00:08]} d6 {[%clk 01:30:31]} {[%emt 00:00:23]} 8. c3 {[%clk
01:32:57]} {[%emt 00:00:16]} O-O {[%clk 01:30:36]} {[%emt 00:00:24]} 9. h3
{[%clk 01:33:15]} {[%emt 00:00:12]} Nb8 {[%clk 01:30:25]} {[%emt 00:00:41]} 10.
d4 {[%clk 01:33:34]} {[%emt 00:00:11]} Nbd7 {[%clk 01:30:40]} {[%emt 00:00:15]}
11. c4 {[%clk 01:33:50]} {[%emt 00:00:14]} c6 {[%clk 01:29:01]} {[%emt
00:02:09]} 12. Nc3 {[%clk 01:33:04]} {[%emt 00:01:16]} b4 {[%clk 01:27:59]}
{[%emt 00:01:32]} 13. Ne2 {[%clk 01:32:47]} {[%emt 00:00:47]} c5 {[%clk
01:16:53]} {[%emt 00:11:36]} 14. dxe5 {[%clk 01:30:30]} {[%emt 00:02:47]} dxe5
{[%clk 01:17:11]} {[%emt 00:00:12]} 15. Ng3 {[%clk 01:29:23]} {[%emt 00:01:38]}
Qc7 {[%clk 01:12:56]} {[%emt 00:04:44]} 16. Nf5 {[%clk 01:21:25]} {[%emt
00:08:28]} Nb6 {[%clk 01:11:03]} {[%emt 00:02:24]} 17. N3h4 {[%clk 01:03:19]}
{[%emt 00:18:36]} Ne8 {[%clk 01:05:32]} {[%emt 00:06:00]} 18. Nf3 {[%clk
00:53:26]} {[%emt 00:10:23]} Nd6 {[%clk 00:59:20]} {[%emt 00:06:41]} 19. Nxe5
{[%clk 00:49:29]} {[%emt 00:04:29]} Nxf5 {[%clk 00:53:13]} {[%emt 00:06:37]} 20.
exf5 {[%clk 00:49:52]} {[%emt 00:00:08]} Bxf5 {[%clk 00:52:56]} {[%emt
00:00:46]} 21. Qf3 {[%clk 00:49:13]} {[%emt 00:01:09]} Bc8 {[%clk 00:41:36]}
{[%emt 00:11:50]} 22. Bf4 {[%clk 00:43:28]} {[%emt 00:06:16]} Bd6 {[%clk
00:41:14]} {[%emt 00:00:52]} 23. Bc2 {[%clk 00:39:23]} {[%emt 00:04:34]} Bb7
{[%clk 00:36:39]} {[%emt 00:05:05]} 24. Qd3 {[%clk 00:28:45]} {[%emt 00:11:08]}
f5 {[%clk 00:36:36]} {[%emt 00:00:32]} 25. Rad1 {[%clk 00:26:03]} {[%emt
00:03:13]} Rad8 {[%clk 00:30:59]} {[%emt 00:06:07]} 26. Qg3 {[%clk 00:17:44]}
{[%emt 00:08:50]} Nc8 {[%clk 00:24:09]} {[%emt 00:07:20]} 27. h4 {[%clk
00:15:30]} {[%emt 00:02:44]} Rde8 {[%clk 00:18:52]} {[%emt 00:05:47]} 28. h5
{[%clk 00:12:48]} {[%emt 00:03:12]} Re6 {[%clk 00:18:31]} {[%emt 00:00:50]} 29.
Re3 {[%clk 00:08:37]} {[%emt 00:04:42]} Be4 {[%clk 00:14:14]} {[%emt 00:04:47]}
30. Bxe4 {[%clk 00:05:46]} {[%emt 00:03:22]} fxe4 {[%clk 00:14:41]} {[%emt
00:00:02]} 31. Rxe4 {[%clk 00:05:09]} {[%emt 00:01:07]} Rxf4 {[%clk 00:14:34]}
{[%emt 00:00:37]} 32. Qxf4 {[%clk 00:05:13]} {[%emt 00:00:27]} Rxe5 {[%clk
00:14:17]} {[%emt 00:00:47]} 33. Rxe5 {[%clk 00:04:45]} {[%emt 00:00:58]} Bxe5
{[%clk 00:14:43]} {[%emt 00:00:04]} 34. Qf5 {[%clk 00:02:22]} {[%emt 00:02:53]}
Bd4 {[%clk 00:13:33]} {[%emt 00:01:39]} 35. Qe6+ {[%clk 00:02:37]} {[%emt
00:00:15]} Kf8 {[%clk 00:13:57]} {[%emt 00:00:06]} 36. Qf5+ {[%clk 00:02:56]}
{[%emt 00:00:11]} Kg8 {[%clk 00:14:10]} {[%emt 00:00:17]} 37. Qe6+ {[%clk
00:01:28]} {[%emt 00:01:58]} Kf8 {[%clk 00:14:34]} {[%emt 00:00:06]} 38. Rd3
{[%clk 00:00:50]} {[%emt 00:01:08]} h6 {[%clk 00:07:57]} {[%emt 00:07:07]} 39.
Rf3+ {[%clk 00:01:11]} {[%emt 00:00:10]} Bf6 {[%clk 00:08:22]} {[%emt
00:00:04]} 40. Rd3 {[%clk 00:00:40]} {[%emt 00:01:02]} Bd4 {[%clk 00:06:14]}
{[%emt 00:02:37]} 41. Rf3+ {[%clk 00:22:38]} {[%emt 00:08:32]} Bf6 {[%clk
00:36:17]} {[%emt 00:00:27]} 42. Rxf6+ {[%clk 00:22:26]} {[%emt 00:00:42]} gxf6
{[%clk 00:36:36]} {[%emt 00:00:11]} 43. Qxf6+ {[%clk 00:22:55]} {[%emt
00:00:01]} Ke8 {[%clk 00:32:25]} {[%emt 00:04:40]} 44. Qxh6 {[%clk 00:19:47]}
{[%emt 00:03:38]} Qe5 {[%clk 00:22:17]} {[%emt 00:10:37]} 45. Qg6+ {[%clk
00:04:35]} {[%emt 00:15:44]} Kf8 {[%clk 00:19:18]} {[%emt 00:03:28]} 46. Qh6+
{[%clk 00:04:00]} {[%emt 00:01:04]} Kg8 {[%clk 00:18:02]} {[%emt 00:01:46]} 47.
Qg6+ {[%clk 00:04:09]} {[%emt 00:00:22]} Kf8 {[%clk 00:18:09]} {[%emt
00:00:23]} 48. Qh6+ {[%clk 00:01:32]} {[%emt 00:03:07]}
1/2-1/2

[Event "Landsturneringen 2022"]
[Site "Kongsvingerhallen"]
[Date "2022.07.08"]
[Round "8"]
[White "Aulin-Jansson, Jøran"]
[Black "Mitusov, Semen"]
[Result "0-1"]
[WhiteElo "2191"]
[BlackElo "2378"]
1. e4 {[%clk 01:30:53]} {[%emt 00:00:06]} e5 {[%clk 01:30:21]} {[%emt
00:00:40]} 2. Nf3 {[%clk 01:31:16]} {[%emt 00:00:07]} Nc6 {[%clk 01:30:46]}
{[%emt 00:00:06]} 3. Bb5 {[%clk 01:31:33]} {[%emt 00:00:12]} a6 {[%clk
01:31:10]} {[%emt 00:00:06]} 4. Bxc6 {[%clk 01:31:56]} {[%emt 00:00:07]} dxc6
{[%clk 01:31:36]} {[%emt 00:00:04]} 5. Nc3 {[%clk 01:32:18]} {[%emt 00:00:08]}
f6 {[%clk 01:31:13]} {[%emt 00:00:53]} 6. O-O {[%clk 01:32:17]} {[%emt
00:00:30]} Bg4 {[%clk 01:29:24]} {[%emt 00:02:20]} 7. h3 {[%clk 01:32:39]}
{[%emt 00:00:08]} Bh5 {[%clk 01:29:50]} {[%emt 00:00:05]} 8. d3 {[%clk
01:33:02]} {[%emt 00:00:06]} Bd6 {[%clk 01:26:34]} {[%emt 00:03:46]} 9. g4
{[%clk 01:28:11]} {[%emt 00:05:21]} Bf7 {[%clk 01:26:13]} {[%emt 00:00:51]} 10.
Nh4 {[%clk 01:26:12]} {[%emt 00:02:29]} Ne7 {[%clk 01:22:50]} {[%emt 00:03:54]}
11. Nf5 {[%clk 01:25:14]} {[%emt 00:01:28]} Nxf5 {[%clk 01:16:14]} {[%emt
00:07:06]} 12. exf5 {[%clk 01:23:59]} {[%emt 00:01:45]} h5 {[%clk 01:15:25]}
{[%emt 00:01:19]} 13. Ne4 {[%clk 01:23:20]} {[%emt 00:01:08]} Qd7 {[%clk
01:12:23]} {[%emt 00:03:33]} 14. f3 {[%clk 01:14:59]} {[%emt 00:08:51]} hxg4
{[%clk 01:09:51]} {[%emt 00:03:02]} 15. hxg4 {[%clk 01:15:14]} {[%emt
00:00:14]} O-O-O {[%clk 01:09:06]} {[%emt 00:01:16]} 16. Kg2 {[%clk 01:11:52]}
{[%emt 00:03:52]} Be7 {[%clk 01:06:14]} {[%emt 00:03:22]} 17. f4 {[%clk
01:04:55]} {[%emt 00:07:27]} Bd5 {[%clk 00:52:02]} {[%emt 00:14:43]} 18. Qf3
{[%clk 01:03:02]} {[%emt 00:02:21]} Rh4 {[%clk 00:52:27]} {[%emt 00:00:05]} 19.
Rh1 {[%clk 01:02:41]} {[%emt 00:00:51]} Bxe4 {[%clk 00:51:35]} {[%emt
00:01:23]} 20. dxe4 {[%clk 00:57:56]} {[%emt 00:05:15]} Rxh1 {[%clk 00:50:55]}
{[%emt 00:01:09]} 21. Kxh1 {[%clk 00:58:21]} {[%emt 00:00:05]} Qd1+ {[%clk
00:50:31]} {[%emt 00:00:54]} 22. Qxd1 {[%clk 00:58:00]} {[%emt 00:00:51]} Rxd1+
{[%clk 00:50:57]} {[%emt 00:00:05]} 23. Kg2 {[%clk 00:58:19]} {[%emt 00:00:11]}
exf4 {[%clk 00:50:58]} {[%emt 00:00:30]} 24. b3 {[%clk 00:54:25]} {[%emt
00:04:23]} Bd6 {[%clk 00:36:40]} {[%emt 00:14:48]} 25. Bb2 {[%clk 00:50:24]}
{[%emt 00:04:31]} Rd2+ {[%clk 00:37:05]} {[%emt 00:00:05]} 26. Kf3 {[%clk
00:50:28]} {[%emt 00:00:25]} Rxc2 {[%clk 00:37:31]} {[%emt 00:00:05]} 27. Bd4
{[%clk 00:47:52]} {[%emt 00:03:05]} c5 {[%clk 00:34:25]} {[%emt 00:03:37]} 28.
Bf2 {[%clk 00:47:04]} {[%emt 00:01:17]} Rc3+ {[%clk 00:34:23]} {[%emt
00:00:32]} 29. Ke2 {[%clk 00:47:10]} {[%emt 00:00:24]} Rh3 {[%clk 00:34:37]}
{[%emt 00:00:16]} 30. Rg1 {[%clk 00:42:44]} {[%emt 00:04:56]} b6 {[%clk
00:31:56]} {[%emt 00:03:12]} 31. g5 {[%clk 00:41:46]} {[%emt 00:01:28]} Be5
{[%clk 00:31:00]} {[%emt 00:01:25]} 32. gxf6 {[%clk 00:40:22]} {[%emt
00:01:55]} gxf6 {[%clk 00:31:10]} {[%emt 00:00:21]} 33. Rg4 {[%clk 00:39:47]}
{[%emt 00:01:04]} Kd7 {[%clk 00:30:38]} {[%emt 00:01:02]} 34. Rh4 {[%clk
00:39:52]} {[%emt 00:00:25]} f3+ {[%clk 00:26:24]} {[%emt 00:04:44]} 
0-1